000 00655nam a22002177a 4500
999 _c11574
_d11574
003 AR-CdUCM
008 190404b ||||| |||| 00| 0 spa d
040 _aMUNICIPALIDAD PROVINCIAL DEL CUSCO
_cBIBLIOTECA MUNICIPAL DEL CUSCO
082 _a869.56 /
_bQ73J / 1965
100 _aQuiroz Malca, Demetrio
_95981
245 _aJudas /
260 _aLima :
_bEdiciones "La palabra sencilla",
_c1965.
300 _a76 páginas ;
_c17 cm.
500 _aDedicatoria a Luis Nieto.
505 _aContenido: Poemas.
650 _aLiteratura Peruana
_9132
650 _aSiglo XX
_98
650 _aPoemas
_9929
942 _2ddc
_cLIBROS
945 _aachl
_d2019-04-04